000 00760cam a2200181 i 4500
005 20260105110221.0
008 250721q9999 le gr 000 0 ara d
082 1 4 _a219
_bش ع ر
100 1 _aالشعراوي، محمد متولي
_eمؤلف.
245 1 0 _aمعجزات الرسول صلى الله عليه وسلم /
_cللداعية الشيخ محمد متولي الشعراوي ؛ أشرف عليه واعتنى به أحمد الزعبي.
264 3 1 _aبيروت :
_bدار القلم للنشر والتوزيع،
_c[بين 1995 و 2000].
300 _a120 صفحة.
650 1 7 _aالسيرة النبوية.
650 1 7 _aالمعجزات.
700 1 _aالزعبي، أحمد
_eمحقق.
942 _2ddc
_cBK
999 _c93754
_d93754